[Event "XXIV Festival A"]
[Site "Arco ITA"]
[Date "2002.10.19"]
[Round "2"]
[White "Profaizer, Gino"]
[Black "Fuggetta, Leonardo"]
[Result "0-1"]
[WhiteElo "1902"]
[BlackElo "2055"]
[PlyCount "64"]
[EventDate "2002.10.18"]

1. d4 d6 2. c4 e5 3. d5 f5 4. Nc3 Nf6 5. Bg5 Be7 6. Bxf6 Bxf6 7. e4 O-O 8. Bd3
g6 9. Nf3 a5 10. a3 Bd7 11. Rb1 Na6 12. b4 axb4 13. axb4 c5 14. dxc6 bxc6 15.
O-O f4 16. Be2 Qe7 17. Qd2 Rfd8 18. Rfd1 g5 19. b5 g4 20. Ne1 f3 21. gxf3 Qg7
22. Kh1 cxb5 23. cxb5 Nc5 24. Nc2 Bg5 25. Qxd6 Bf4 26. Rg1 Rac8 27. Rbd1 Be6
28. Qxd8+ Rxd8 29. Rxd8+ Kf7 30. Nb4 Bxh2 31. Kxh2 Qh6+ 32. Kg2 Qh3# 0-1

[Event "XXIV Festival A"]
[Site "Arco ITA"]
[Date "2002.10.19"]
[Round "2"]
[White "Roberti, Ignazio"]
[Black "Benaglia, Giovanni"]
[Result "0-1"]
[WhiteElo "2032"]
[BlackElo "1801"]
[PlyCount "52"]
[EventDate "2002.10.18"]

1. Nf3 e6 2. b3 f5 3. Bb2 Nf6 4. e3 Be7 5. Be2 O-O 6. O-O c6 7. d4 d5 8. Nbd2
Bd7 9. c4 Ne4 10. Ne5 Be8 11. Bf3 Nd7 12. Nd3 Bd6 13. g3 Ndf6 14. Nf4 Qe7 15.
Bg2 g5 16. Nxe4 fxe4 17. Nh3 Bh5 18. f3 exf3 19. Bh1 f2+ 20. Rxf2 Bxd1 21. Rxd1
Ng4 22. Re2 Qf6 23. Bg2 Qh6 24. Bc1 Qh5 25. Rde1 Bb4 26. Bd2 Bxd2 0-1

[Event "XXIV Festival A"]
[Site "Arco ITA"]
[Date "2002.10.19"]
[Round "2"]
[White "Scalcione, Michelangelo"]
[Black "Kloster, Josef"]
[Result "1-0"]
[WhiteElo "2366"]
[BlackElo "2164"]
[PlyCount "61"]
[EventDate "2002.10.18"]

1. Nf3 f5 2. c4 e6 3. g3 Nf6 4. Bg2 c6 5. O-O d5 6. b3 Nbd7 7. Bb2 Bd6 8. d4
O-O 9. Nbd2 Ne4 10. Ne5 Nxe5 11. dxe5 Bc5 12. cxd5 cxd5 13. e3 b6 14. a3 a5 15.
Nf3 Ba6 16. Re1 Qe7 17. Nd4 Rfc8 18. f3 Ng5 19. h4 Nf7 20. f4 Ra7 21. Ra2 g6
22. Nxe6 Qxe6 23. Bxd5 Qe7 24. b4 axb4 25. axb4 Bxb4 26. e6 Ne5 27. Bxe5 Bxe1
28. Qxe1 Bc4 29. Rxa7 Qxa7 30. Qc3 Qa6 31. Bh8 1-0

[Event "XXIV Festival A"]
[Site "Arco ITA"]
[Date "2002.10.19"]
[Round "2"]
[White "Schaefer, Michael"]
[Black "Aldrovandi, Costantino"]
[Result "0-1"]
[WhiteElo "2186"]
[BlackElo "2413"]
[PlyCount "68"]
[EventDate "2002.10.18"]

1. d4 Nf6 2. c4 g6 3. Nc3 Bg7 4. e4 d6 5. Nge2 O-O 6. Ng3 e5 7. d5 c6 8. Be2 a6
9. h4 cxd5 10. cxd5 h5 11. Bg5 Qb6 12. Qd2 Nbd7 13. Rc1 Re8 14. Nd1 Qd4 15. Qa5
Nxe4 16. Be3 Nxg3 17. Bxd4 exd4 18. fxg3 d3 19. Nf2 Rxe2+ 20. Kf1 b6 21. Qa3
Nc5 22. Rxc5 bxc5 23. Qxd3 Rxb2 24. Nd1 Rxa2 25. Kg1 Bf5 26. Qb3 Rd2 27. Ne3
Rb2 28. Qa3 Be4 29. Kh2 Bd4 30. Re1 Rab8 31. Qxa6 Bxe3 32. Rxe3 Rxg2+ 33. Kh3
Rbb2 34. Qxd6 Rh2# 0-1

[Event "XXIV Festival A"]
[Site "Arco ITA"]
[Date "2002.10.19"]
[Round "2"]
[White "Stinis, Steven"]
[Black "Bolvary, Tamara"]
[Result "1-0"]
[WhiteElo "2053"]
[BlackElo "1949"]
[PlyCount "95"]
[EventDate "2002.10.18"]

1. Nc3 e6 2. e4 c5 3. g3 Nc6 4. Bg2 g6 5. f4 d6 6. Nf3 Bg7 7. O-O Nge7 8. d3
O-O 9. Be3 Nd4 10. Rb1 Nec6 11. Ne2 Qa5 12. a3 Qa4 13. Nexd4 Nxd4 14. c3 Qxd1
15. Rbxd1 Nb3 16. e5 d5 17. Nd2 Nxd2 18. Rxd2 b6 19. c4 Rd8 20. d4 cxd4 21.
Rxd4 Ba6 22. Rc1 Bf8 23. cxd5 Bc5 24. Rxc5 bxc5 25. Ra4 Bb5 26. Ra5 a6 27. d6
Rab8 28. Bxc5 Rdc8 29. b4 f6 30. a4 Bd3 31. Kf2 fxe5 32. fxe5 Kf7 33. Ke3 Bc4
34. Kd4 Be2 35. Ke3 Bc4 36. Kd4 Be2 37. Be4 Ke8 38. Bd3 Bxd3 39. Kxd3 Rc6 40.
Kd4 Rbc8 41. Ke3 Kd7 42. Bd4 Rb8 43. b5 axb5 44. axb5 Rc1 45. Ra7+ Kc8 46. b6
Rf1 47. Rc7+ Kd8 48. Rxh7 1-0

[Event "XXIV Festival A"]
[Site "Arco ITA"]
[Date "2002.10.19"]
[Round "2"]
[White "Swinkels, Robin"]
[Black "Papp, Gabor"]
[Result "0-1"]
[WhiteElo "2169"]
[BlackElo "2375"]
[PlyCount "47"]
[EventDate "2002.10.18"]

1. e4 c5 2. Nf3 e6 3. d4 cxd4 4. Nxd4 a6 5. Be2 Nf6 6. Nc3 Bb4 7. e5 Ne4 8. Qd3
d5 9. O-O Nxc3 10. bxc3 Be7 11. Rd1 Nd7 12. Bf4 Nc5 13. Qe3 Qc7 14. c4 dxc4 15.
Bxc4 b5 16. Be2 Bb7 17. a4 bxa4 18. Bf3 Bxf3 19. Qxf3 Rc8 20. Qg3 g5 21. Be3
Ne4 22. Qg4 Nc3 23. Rd3 Qxe5 24. Nf3 0-1

[Event "XXIV Festival A"]
[Site "Arco ITA"]
[Date "2002.10.19"]
[Round "2"]
[White "Traversi, Carlo"]
[Black "Bondielli, Giorgio"]
[Result "0-1"]
[WhiteElo "1537"]
[BlackElo "2006"]
[PlyCount "82"]
[EventDate "2002.10.18"]

1. e4 e5 2. Nf3 Nf6 3. d3 Nc6 4. Nc3 d5 5. exd5 Nxd5 6. Bd2 Bg4 7. Be2 Qd7 8.
Ne4 Bb4 9. h3 Bxf3 10. Bxf3 Bxd2+ 11. Qxd2 Nd4 12. O-O-O Nxf3 13. gxf3 O-O-O
14. Rhg1 g6 15. Qg5 f5 16. Nf6 Qc6 17. Nxd5 Qxd5 18. Qe3 Qxa2 19. Qxe5 Rhe8 20.
Qc3 Re2 21. Qa3 Qxa3 22. bxa3 Rxf2 23. Rdf1 Re2 24. Kd1 Rde8 25. Re1 Rxe1+ 26.
Rxe1 Rxe1+ 27. Kxe1 Kd7 28. h4 Kd6 29. Kd2 Ke5 30. Ke3 f4+ 31. Kd2 Kf5 32. Ke2
g5 33. hxg5 Kxg5 34. Kf2 Kf5 35. c3 b5 36. Ke2 c5 37. d4 cxd4 38. cxd4 a5 39.
Kd3 h5 40. d5 Ke5 41. d6 Kxd6 0-1

[Event "XXIV Festival A"]
[Site "Arco ITA"]
[Date "2002.10.19"]
[Round "2"]
[White "Valenti, Giuseppe"]
[Black "Djuric, Stefan"]
[Result "0-1"]
[WhiteElo "2230"]
[BlackElo "2490"]
[PlyCount "80"]
[EventDate "2002.10.18"]

1. e4 c5 2. Nf3 e6 3. Nc3 a6 4. d4 cxd4 5. Nxd4 Qc7 6. g3 Bb4 7. Nde2 Nf6 8.
Bg2 Nc6 9. O-O Be7 10. h3 d6 11. f4 b5 12. Be3 Bb7 13. a3 Na5 14. b3 O-O 15.
Qe1 Rac8 16. Qf2 Qb8 17. Rae1 Nc6 18. Rd1 b4 19. axb4 Nxb4 20. Rd2 Qa8 21. Bd4
Bc6 22. Qe3 Qb7 23. g4 d5 24. e5 Ne4 25. Nxe4 dxe4 26. c4 Rfd8 27. Ng3 Rxd4 28.
Qxd4 e3 29. Bxc6 Qxc6 30. Re2 Rd8 31. Qe4 Qb6 32. Kg2 Bc5 33. f5 Nd3 34. fxe6
fxe6 35. Kh2 Nf2 36. Qf3 Rf8 37. Qg2 Bd4 38. Rfe1 Qc5 39. Nf1 Nd3 40. Rd1 Nf4
0-1

[Event "XXIV Festival A"]
[Site "Arco ITA"]
[Date "2002.10.19"]
[Round "2"]
[White "Weinberg, Emanuele"]
[Black "Papp, Tamas"]
[Result "0-1"]
[WhiteElo "1959"]
[BlackElo "2078"]
[PlyCount "103"]
[EventDate "2002.10.18"]

1. d4 d5 2. c4 c6 3. cxd5 cxd5 4. g3 Nf6 5. Bg2 Bf5 6. Nc3 Nc6 7. Bg5 e6 8. Nf3
Qb6 9. Qb3 Qxb3 10. axb3 a6 11. Rc1 Ne4 12. Bf4 Na5 13. Nxe4 Bxe4 14. O-O Nxb3
15. Rc7 Bxf3 16. Bxf3 b5 17. Bh5 g6 18. Be5 Rg8 19. Bf3 Be7 20. Bg4 f5 21. Bh3
b4 22. Rd1 a5 23. Bf1 a4 24. e3 a3 25. bxa3 bxa3 26. Rb7 a2 27. Rxb3 a1=Q 28.
Rxa1 Rxa1 29. Kg2 Kf7 30. Rb7 Rga8 31. Bd6 Re8 32. Rxe7+ Rxe7 33. Bxe7 Kxe7 34.
Be2 Kf6 35. f4 h6 36. h4 Rb1 37. Kf2 h5 38. Kg2 Ke7 39. Kf2 Kd6 40. Kg2 Kc7 41.
Kf3 Kb6 42. Kf2 Ka5 43. Kf3 Ra1 44. Kf2 Kb4 45. Kf3 Ra2 46. Bd3 Ra3 47. Be2 Ra1
48. Bd3 Ra3 49. Be2 Ra5 50. Bf1 Kc3 51. Ke2 Ra1 52. Bh3 0-1

[Event "XXIV Festival A"]
[Site "Arco ITA"]
[Date "2002.10.19"]
[Round "2"]
[White "Ziltener, Werner"]
[Black "Antoniacci, Riccardo"]
[Result "1-0"]
[WhiteElo "2047"]
[BlackElo "1927"]
[PlyCount "95"]
[EventDate "2002.10.18"]

1. d4 Nf6 2. Nf3 d5 3. c4 dxc4 4. e3 e6 5. Bxc4 c5 6. O-O a6 7. a4 b6 8. Nc3
Bb7 9. Qe2 Nc6 10. Rd1 Qc7 11. d5 exd5 12. Bxd5 Be7 13. e4 O-O 14. e5 Nd7 15.
Qe4 Kh8 16. Bf4 Rae8 17. Qf5 Ncb8 18. e6 fxe6 19. Qxf8+ Rxf8 20. Bxc7 exd5 21.
Nxd5 Bxd5 22. Rxd5 Bf6 23. Rad1 Bxb2 24. Rxd7 Nxd7 25. Rxd7 b5 26. a5 c4 27.
Bd6 Re8 28. Bb4 h6 29. Kf1 Rc8 30. Ne1 c3 31. Nc2 Bc1 32. Ke2 Bd2 33. Kd3 Kh7
34. Rd6 Bf4 35. Rxa6 Be5 36. Be7 Rc7 37. Re6 Rd7+ 38. Ke4 Bxh2 39. g3 Rd2 40.
Nb4 c2 41. Na2 Rxf2 42. a6 Bxg3 43. Kd3 Bf4 44. a7 Rf3+ 45. Kxc2 Rf2+ 46. Kb3
Rf3+ 47. Kb4 Bd2+ 48. Kxb5 1-0

[Event "XXIV Festival A"]
[Site "Arco ITA"]
[Date "2002.10.19"]
[Round "2"]
[White "Zucchelli, Massimo"]
[Black "Sedina, Elena"]
[Result "0-1"]
[WhiteElo "2193"]
[BlackElo "2428"]
[PlyCount "51"]
[EventDate "2002.10.18"]

1. Nf3 d5 2. g3 c6 3. Bg2 Bg4 4. O-O Nd7 5. d3 e6 6. Nbd2 Ngf6 7. e4 Ne5 8. Qe2
Be7 9. h3 Bh5 10. g4 Nxf3+ 11. Nxf3 Bg6 12. Ne5 O-O 13. Nxg6 hxg6 14. c3 dxe4
15. dxe4 e5 16. Be3 Qc7 17. Rfd1 Nh7 18. Qc2 Rfd8 19. Bf1 Nf8 20. Bc4 b5 21.
Bb3 a5 22. a4 Rxd1+ 23. Rxd1 b4 24. Bc4 Ne6 25. Bb3 Nf4 26. Kh2 0-1

[Event "XXIV Festival A"]
[Site "Arco ITA"]
[Date "2002.10.20"]
[Round "3"]
[White "Aldrovandi, Costantino"]
[Black "Drasko, Milan"]
[Result "1/2-1/2"]
[WhiteElo "2413"]
[BlackElo "2477"]
[PlyCount "27"]
[EventDate "2002.10.18"]

1. c4 Nf6 2. g3 e6 3. Bg2 d5 4. Nf3 dxc4 5. Qa4+ Nbd7 6. Qxc4 c5 7. O-O b6 8.
b4 Bb7 9. bxc5 Bxc5 10. Nc3 Rc8 11. d4 Be7 12. Qd3 O-O 13. Bb2 a6 14. a4
1/2-1/2

[Event "XXIV Festival A"]
[Site "Arco ITA"]
[Date "2002.10.20"]
[Round "3"]
[White "Antoniacci, Riccardo"]
[Black "Roberti, Ignazio"]
[Result "1-0"]
[WhiteElo "1927"]
[BlackElo "2032"]
[PlyCount "61"]
[EventDate "2002.10.18"]

1. e4 c5 2. Nf3 e6 3. d4 cxd4 4. Nxd4 a6 5. Bd3 Nf6 6. O-O d6 7. Kh1 Bd7 8. f4
Nc6 9. Nf3 Qc7 10. Nc3 Be7 11. Qe2 Nb4 12. Be3 O-O 13. Ng5 h6 14. Nh3 Qa5 15.
g4 Bc6 16. Rg1 d5 17. g5 dxe4 18. Bc4 Nfd5 19. gxh6 g6 20. h7+ Kxh7 21. Ng5+
Bxg5 22. Rxg5 f6 23. Rh5+ Kg7 24. Rg1 Rh8 25. Qg4 Be8 26. Rxh8 Kxh8 27. Qxe6
Rd8 28. Bd4 Kh7 29. Nxe4 Qc7 30. Bxf6 Qxc4 31. Ng5+ 1-0

[Event "XXIV Festival A"]
[Site "Arco ITA"]
[Date "2002.10.20"]
[Round "3"]
[White "Astengo, Corrado"]
[Black "Ziltener, Werner"]
[Result "1/2-1/2"]
[WhiteElo "2172"]
[BlackElo "2047"]
[PlyCount "85"]
[EventDate "2002.10.18"]

1. e4 e5 2. Nf3 Nc6 3. Bb5 Nf6 4. d3 d6 5. O-O Be7 6. c3 O-O 7. Re1 Bg4 8. Nbd2
a6 9. Ba4 b5 10. Bc2 Nd7 11. h3 Bh5 12. Nf1 Bf6 13. Ne3 Re8 14. Nf5 Nf8 15. Be3
d5 16. Ng3 Bg6 17. exd5 Qxd5 18. Ne4 Be7 19. Qe2 Ne6 20. Red1 Rad8 21. b4 Nf4
22. Qf1 Ne6 23. Bb3 Qd7 24. a4 h6 25. Ra2 Kh7 26. Rad2 f5 27. axb5 axb5 28. Nc5
Nxc5 29. Bxc5 Bxc5 30. bxc5 Bf7 31. Bxf7 Qxf7 32. Rb1 Rb8 33. Rdb2 e4 34. dxe4
fxe4 35. Nh2 Ne5 36. Rxb5 Rxb5 37. Qxb5 Nd3 38. Rf1 Rf8 39. f3 Qd5 40. Rd1
Qxc5+ 41. Qxc5 Nxc5 42. fxe4 Nxe4 43. Rd7 1/2-1/2

[Event "XXIV Festival A"]
[Site "Arco ITA"]
[Date "2002.10.20"]
[Round "3"]
[White "Benaglia, Giovanni"]
[Black "Burchert, Wolfgang"]
[Result "0-1"]
[WhiteElo "1801"]
[BlackElo "2176"]
[PlyCount "58"]
[EventDate "2002.10.18"]

1. d4 c5 2. e3 f5 3. Nf3 Nf6 4. c3 e6 5. Nbd2 Be7 6. Bd3 b6 7. Qe2 Bb7 8. O-O
Ne4 9. Ne5 O-O 10. f3 Nxd2 11. Bxd2 d6 12. Nc4 Nc6 13. dxc5 bxc5 14. e4 fxe4
15. Qxe4 g6 16. Qxe6+ Kh8 17. Qh3 Bc8 18. g4 Kg8 19. f4 d5 20. Ne5 Nxe5 21.
fxe5 c4 22. Rxf8+ Bxf8 23. Bf5 gxf5 24. gxf5 Bc5+ 25. Kh1 Kh8 26. e6 Qf6 27.
Bf4 Bxe6 28. Qe3 Qxf5 29. Re1 Rf8 0-1

[Event "XXIV Festival A"]
[Site "Arco ITA"]
[Date "2002.10.20"]
[Round "3"]
[White "Bolvary, Tamara"]
[Black "Traversi, Carlo"]
[Result "1-0"]
[WhiteElo "1949"]
[BlackElo "1537"]
[PlyCount "52"]
[EventDate "2002.10.18"]

1. e4 d5 2. exd5 Qxd5 3. Nc3 Qd8 4. d4 Nf6 5. Nf3 g6 6. Bc4 Bg7 7. O-O O-O 8.
h3 c6 9. Re1 Nbd7 10. Qe2 e6 11. Bg5 Nb6 12. Bb3 Qc7 13. Rad1 Nbd5 14. Ne4 Nxe4
15. Qxe4 h6 16. Bc1 b5 17. Ne5 Bb7 18. c3 c5 19. Qh4 g5 20. Qg3 c4 21. Bc2 Qe7
22. Rf1 Rad8 23. f4 gxf4 24. Bxf4 Nxf4 25. Rxf4 h5 26. Rdf1 Kh8 1-0

[Event "XXIV Festival A"]
[Site "Arco ITA"]
[Date "2002.10.20"]
[Round "3"]
[White "Bondielli, Giorgio"]
[Black "Ketzscher, Roland"]
[Result "1/2-1/2"]
[WhiteElo "2006"]
[BlackElo "2197"]
[PlyCount "55"]
[EventDate "2002.10.18"]

1. e4 e6 2. d4 d5 3. e5 c5 4. c3 Bd7 5. Nf3 Qb6 6. Bd3 Bb5 7. O-O Bxd3 8. Qxd3
Qa6 9. Qxa6 Nxa6 10. Be3 cxd4 11. cxd4 Ne7 12. Nc3 Nc6 13. Rac1 Be7 14. a3 Na5
15. Nd2 Nc7 16. Rc2 Nc6 17. Rfc1 O-O 18. Na4 Nb5 19. Nb3 f6 20. f4 fxe5 21.
fxe5 Rf5 22. Nac5 Bxc5 23. Rxc5 a6 24. R5c2 Raf8 25. a4 Nba7 26. Nc5 Nd8 27.
Bd2 Nac6 28. Bc3 1/2-1/2

[Event "XXIV Festival A"]
[Site "Arco ITA"]
[Date "2002.10.20"]
[Round "3"]
[White "Dervishi, Erald"]
[Black "Molnar, Bela"]
[Result "1/2-1/2"]
[WhiteElo "2513"]
[BlackElo "2404"]
[PlyCount "54"]
[EventDate "2002.10.18"]

1. e4 c5 2. Nf3 e6 3. d4 cxd4 4. Nxd4 a6 5. Bd3 Qb6 6. Nb3 Qc7 7. O-O Nf6 8.
Be3 d6 9. f4 Nbd7 10. a4 b6 11. N1d2 Be7 12. Qe2 O-O 13. Kh1 e5 14. a5 bxa5 15.
Nxa5 exf4 16. Bxf4 Ne5 17. Nac4 Bg4 18. Qf2 Rfb8 19. Nxe5 dxe5 20. Bg5 Be6 21.
Bxf6 Bxf6 22. b3 a5 23. Qg3 Qc3 24. Qe1 Be7 25. Nc4 Bb4 26. Qe2 Bc5 27. Rab1
Rb4 1/2-1/2

[Event "XXIV Festival A"]
[Site "Arco ITA"]
[Date "2002.10.20"]
[Round "3"]
[White "Di Lascio, Savino"]
[Black "Dalponte, Dino"]
[Result "0-1"]
[WhiteElo "1864"]
[BlackElo "2138"]
[PlyCount "112"]
[EventDate "2002.10.18"]

1. Nf3 d5 2. g3 c6 3. Bg2 Bg4 4. h3 Bh5 5. O-O Nd7 6. d3 Bxf3 7. Bxf3 e6 8. c3
Bc5 9. b4 Bd6 10. Bb2 Qg5 11. Nd2 h5 12. Bg2 Nh6 13. e4 Qg6 14. c4 dxe4 15.
Nxe4 Bxb4 16. Rb1 Be7 17. Bc1 Rb8 18. d4 f5 19. Nc5 Bxc5 20. dxc5 Nf7 21. Re1
e5 22. Re2 Ke7 23. Reb2 b6 24. Be3 e4 25. cxb6 axb6 26. Bxb6 Nxb6 27. Rxb6 Rxb6
28. Rxb6 Rd8 29. Qa4 Ne5 30. Qb4+ Qd6 31. Qc3 Qc5 32. Rb2 Rd3 33. Qc1 Rxg3 34.
Qf4 Rg6 35. Kh1 Ke6 36. Rc2 Nd3 37. Qd2 Ke5 38. a4 Qd4 39. Ra2 Qxc4 40. a5 c5
41. a6 Rxa6 42. Rxa6 Qxa6 43. Qc3+ Kd5 44. Qxg7 Nxf2+ 45. Kg1 Nd3 46. Qd7+ Ke5
47. Qe8+ Qe6 48. Qxh5 Qg8 49. Qd1 f4 50. Kf1 Qg3 51. Qa1+ Kf5 52. Bxe4+ Kxe4
53. Qa8+ Ke3 54. Qe8+ Kd2 55. Qe2+ Kc3 56. h4 Qxh4 0-1

[Event "XXIV Festival A"]
[Site "Arco ITA"]
[Date "2002.10.20"]
[Round "3"]
[White "Di Lazzaro, Gabriele"]
[Black "Profaizer, Gino"]
[Result "0-1"]
[WhiteElo "1985"]
[BlackElo "1902"]
[PlyCount "106"]
[EventDate "2002.10.18"]

1. e4 c6 2. d4 d5 3. exd5 cxd5 4. c4 Nf6 5. Nc3 e6 6. Bg5 Be7 7. Nf3 O-O 8. Bd3
dxc4 9. Bxc4 a6 10. Bd3 Nc6 11. a3 h6 12. Bh4 b5 13. O-O Bb7 14. Rc1 Qb6 15.
Bxf6 Bxf6 16. d5 Ne5 17. Nxe5 Bxe5 18. dxe6 Qxe6 19. Qe2 Qf6 20. Ne4 Qh4 21.
Ng3 Rfe8 22. Rfe1 Re6 23. Qc2 Rae8 24. Red1 g6 25. b3 Bf4 26. Ra1 Qg5 27. a4 h5
28. Bf1 h4 29. Nh1 Be5 30. Ra2 Qf4 31. Ng3 hxg3 32. hxg3 Qh6 33. axb5 Kg7 34.
bxa6 Rh8 35. f4 Bxa6 36. Rxa6 Qh2+ 37. Kf2 Bxf4 38. gxf4 Qxf4+ 39. Kg1 Qe3+ 40.
Qf2 Rh1+ 41. Kxh1 Qxf2 42. Rxe6 fxe6 43. Bc4 e5 44. Rd7+ Kh6 45. Rf7 Qd4 46.
Kh2 Kg5 47. Kg3 e4 48. Rf1 Qe3+ 49. Kh2 Kh4 50. Rf6 Qg5 51. Re6 Qf4+ 52. Kg1 g5
53. Bd5 Kg3 0-1

[Event "XXIV Festival A"]
[Site "Arco ITA"]
[Date "2002.10.20"]
[Round "3"]
[White "Diotallevi, Maurizio"]
[Black "Gerstl, Karl"]
[Result "1-0"]
[WhiteElo "2094"]
[BlackElo "1837"]
[PlyCount "120"]
[EventDate "2002.10.18"]

1. d4 Nf6 2. Bg5 h6 3. Bh4 c6 4. e3 b5 5. Nd2 a5 6. Bd3 Na6 7. c3 Bb7 8. Ngf3
e6 9. Qe2 Be7 10. e4 g5 11. Bg3 d6 12. O-O Nh5 13. e5 d5 14. Ne1 Ng7 15. f4
gxf4 16. Bxf4 Kd7 17. Nc2 Nc7 18. Be3 Qg8 19. b3 h5 20. a4 b4 21. cxb4 axb4 22.
Nf3 Ba6 23. Bxa6 Nxa6 24. Bd2 Nf5 25. Ne3 Nxe3 26. Bxe3 Qg6 27. Rac1 h4 28. Rc2
h3 29. g3 Nb8 30. Qd2 c5 31. dxc5 Nc6 32. Qc1 Rh5 33. Bf4 Rf5 34. Kh1 Rh5 35.
Re2 Qd3 36. Re3 Qg6 37. Rfe1 Ra5 38. Qd2 Ra8 39. Rc1 Ra5 40. Re2 Ra8 41. Nd4
Rb8 42. Nb5 Bg5 43. Qe3 Bh6 44. Qf2 Bg7 45. Rce1 Ke7 46. Nd4 Kd7 47. Nxc6 Kxc6
48. Qd4 Qg4 49. Qd3 Rhh8 50. Qa6+ Kc7 51. Qd6+ Kc8 52. Re3 Re8 53. Rc1 Bf8 54.
Qa6+ Kd8 55. Qa5+ Kc8 56. c6 Bc5 57. Qxc5 Qg8 58. Qa5 Rd8 59. c7 Kd7 60. cxb8=Q
Rxb8 1-0

[Event "XXIV Festival A"]
[Site "Arco ITA"]
[Date "2002.10.20"]
[Round "3"]
[White "Djuric, Stefan"]
[Black "Scalcione, Michelangelo"]
[Result "1-0"]
[WhiteElo "2490"]
[BlackElo "2366"]
[PlyCount "75"]
[EventDate "2002.10.18"]

1. d4 Nf6 2. Nf3 g6 3. g3 Bg7 4. Bg2 O-O 5. O-O d6 6. Re1 Nbd7 7. d5 e5 8. e4
Nh5 9. Nc3 a6 10. a4 Qe8 11. a5 Kh8 12. Ra3 Ndf6 13. Nh4 Ng8 14. Bf3 Nhf6 15.
Ng2 Bh6 16. Bxh6 Nxh6 17. Qd2 Nfg8 18. Bd1 Qe7 19. f3 Bd7 20. Rb3 Bc8 21. Kh1
f6 22. g4 Nf7 23. Ne2 Nd8 24. Ng3 Bd7 25. c4 Ba4 26. Rc3 Bxd1 27. Qxd1 c5 28.
Qd2 Qc7 29. Rb3 Rb8 30. Rb6 Ne7 31. f4 Nf7 32. f5 Rbe8 33. Rf1 Nc8 34. Rb3 Qe7
35. fxg6 hxg6 36. Nh4 Rg8 37. Ngf5 Qf8 38. Rh3 1-0

[Event "XXIV Festival A"]
[Site "Arco ITA"]
[Date "2002.10.20"]
[Round "3"]
[White "Epishin, Vladimir V."]
[Black "Belotti, Bruno"]
[Result "1-0"]
[WhiteElo "2628"]
[BlackElo "2419"]
[PlyCount "89"]
[EventDate "2002.10.18"]

1. d4 d5 2. c4 c6 3. Nf3 Nf6 4. Nc3 a6 5. a4 e6 6. e3 Bb4 7. Bd3 O-O 8. O-O
Nbd7 9. Qe2 Qe7 10. e4 dxc4 11. Bxc4 e5 12. d5 cxd5 13. Nxd5 Nxd5 14. Bxd5 h6
15. Bd2 Bxd2 16. Nxd2 Nc5 17. Nc4 Ne6 18. Qh5 f6 19. Ne3 Kh7 20. Nf5 Qe8 21.
Qxe8 Rxe8 22. Nd6 Re7 23. Rfc1 Nc7 24. f3 Rb8 25. b4 b6 26. b5 Nxd5 27. exd5
Bb7 28. a5 Bxd5 29. Nc8 Rf7 30. bxa6 bxa5 31. Rxa5 Rf8 32. Rxd5 Rfxc8 33. Rxc8
Rxc8 34. Ra5 Ra8 35. Kf2 Kg6 36. Ke3 Kf5 37. g4+ Ke6 38. a7 g6 39. Ra6+ Kd5 40.
h4 f5 41. h5 f4+ 42. Kd3 gxh5 43. gxh5 e4+ 44. fxe4+ Ke5 45. Ra5+ 1-0

[Event "XXIV Festival A"]
[Site "Arco ITA"]
[Date "2002.10.20"]
[Round "3"]
[White "Friedrich, Norbert"]
[Black "Papp, Judit"]
[Result "0-1"]
[WhiteElo "2296"]
[BlackElo "2138"]
[PlyCount "78"]
[EventDate "2002.10.18"]

1. e4 c5 2. Nf3 e6 3. d4 cxd4 4. Nxd4 a6 5. Bd3 Qb6 6. Nb3 Qc7 7. O-O Nf6 8. c4
d6 9. Nc3 Nbd7 10. f4 g6 11. e5 dxe5 12. fxe5 Nh5 13. g4 Ng7 14. Ne4 Be7 15.
Nd6+ Bxd6 16. exd6 Qxd6 17. Rxf7 Qb6+ 18. Rf2 Rf8 19. c5 Qc6 20. Rxf8+ Kxf8 21.
Qe2 Kg8 22. Bh6 Qc7 23. Rf1 Nf8 24. Qf2 Qe7 25. Bg5 Qe8 26. Bc4 Bd7 27. Nd4 Rc8
28. Qf6 Bb5 29. Bxb5 axb5 30. Nxb5 Nd7 31. Qf2 Rxc5 32. Nd6 Qf8 33. Qd4 Qb8 34.
Be7 Rd5 35. Qf4 h5 36. gxh5 Rxh5 37. Rc1 Qa7+ 38. Kh1 Qa5 39. Rc8+ Kh7 0-1

[Event "XXIV Festival A"]
[Site "Arco ITA"]
[Date "2002.10.20"]
[Round "3"]
[White "Fuggetta, Leonardo"]
[Black "Ager, Josef"]
[Result "1/2-1/2"]
[WhiteElo "2055"]
[BlackElo "2223"]
[PlyCount "53"]
[EventDate "2002.10.18"]

1. c4 g6 2. Nc3 Bg7 3. g3 d6 4. Bg2 c5 5. d3 Nc6 6. a3 e6 7. Rb1 Nge7 8. Nf3 b6
9. O-O Bb7 10. Bd2 O-O 11. b4 Qd7 12. b5 Ne5 13. Nxe5 dxe5 14. Qc2 Bxg2 15.
Kxg2 Nf5 16. Be3 Nxe3+ 17. fxe3 f5 18. e4 Bh6 19. Rf3 Qe7 20. Rbf1 Rad8 21. a4
f4 22. Nd1 Bg7 23. g4 Bf6 24. Qc3 Qc7 25. Nf2 Kg7 26. Nh3 h6 27. Kh1 1/2-1/2

[Event "XXIV Festival A"]
[Site "Arco ITA"]
[Date "2002.10.20"]
[Round "3"]
[White "Giancotti, Eraldo"]
[Black "Schaefer, Michael"]
[Result "1-0"]
[WhiteElo "1811"]
[BlackElo "2186"]
[PlyCount "95"]
[EventDate "2002.10.18"]

1. e4 c5 2. Nf3 e6 3. d3 Nc6 4. g3 d6 5. Bg2 Nf6 6. O-O Be7 7. Re1 O-O 8. c3
Rb8 9. d4 cxd4 10. cxd4 d5 11. e5 Ne4 12. Nc3 Nxc3 13. bxc3 Na5 14. h4 Bd7 15.
h5 Rc8 16. h6 g6 17. Bd2 Nc4 18. Bf4 Qa5 19. Bg5 Bxg5 20. Nxg5 Qxc3 21. Qg4 Qa5
22. Qf4 Qd8 23. Rab1 b6 24. Qg4 Qe7 25. Rb3 Na5 26. Rf3 Rc2 27. Ra1 f5 28. Qf4
Nc4 29. Rd3 Qb4 30. a3 Qe7 31. Bf3 Na5 32. Re1 Ra2 33. Rc3 Nc4 34. Rxc4 dxc4
35. d5 Rxa3 36. d6 Qd8 37. Bd5 Re8 38. Bxc4 b5 39. Bf1 Rc3 40. Qd4 Qa5 41. Rd1
Rec8 42. Nxe6 Bxe6 43. d7 Qd8 44. dxc8=Q Qxc8 45. Qxa7 Rc7 46. Qb6 Bc4 47. Qf6
Rd7 48. e6 1-0

[Event "XXIV Festival A"]
[Site "Arco ITA"]
[Date "2002.10.20"]
[Round "3"]
[White "Giuriato, Sergio"]
[Black "Bartonicek, Zdenek"]
[Result "1/2-1/2"]
[WhiteElo "1842"]
[BlackElo "2109"]
[PlyCount "42"]
[EventDate "2002.10.18"]

1. d4 Nf6 2. c4 d6 3. Nf3 g6 4. g3 Bg7 5. Nc3 O-O 6. Bg2 Nbd7 7. O-O c6 8. h3
Qc7 9. e4 e5 10. Be3 a6 11. Qc2 Re8 12. Rad1 b5 13. cxb5 cxb5 14. dxe5 dxe5 15.
Qb3 Nc5 16. Nd5 Nxd5 17. Qxd5 Nb7 18. Rc1 Qd6 19. Rfd1 Qxd5 20. exd5 Nd6 21.
Rc7 Bf5 1/2-1/2

[Event "XXIV Festival A"]
[Site "Arco ITA"]
[Date "2002.10.20"]
[Round "3"]
[White "Jurkovic, Ante"]
[Black "Blagojevic, Dragisa"]
[Result "0-1"]
[WhiteElo "2340"]
[BlackElo "2537"]
[PlyCount "80"]
[EventDate "2002.10.18"]

1. e4 e5 2. Nf3 Nc6 3. Be2 Nf6 4. d3 g6 5. Bg5 h6 6. Bh4 Bg7 7. Nc3 d6 8. Nd5
g5 9. Nxf6+ Bxf6 10. Bg3 h5 11. h3 h4 12. Bh2 g4 13. hxg4 Bxg4 14. c3 Qd7 15.
Nd2 Be6 16. Qa4 O-O-O 17. O-O-O Kb8 18. Kb1 Rdg8 19. Bf1 d5 20. f4 exf4 21.
Bxf4 d4 22. c4 Be7 23. a3 Bd6 24. Bxd6 Qxd6 25. Nb3 Ne5 26. Qb4 Qd8 27. Qc5 Nc6
28. Na5 Nxa5 29. Qxa5 Qf6 30. Qe1 Rg3 31. Rd2 Qe5 32. Rf2 f5 33. Rf3 Rg4 34. g3
fxe4 35. Rxh4 Rgxh4 36. gxh4 e3 37. Bh3 Bxh3 38. Rxh3 Qf5 39. Rh1 Qxd3+ 40. Ka1
Qxc4 0-1

[Event "XXIV Festival A"]
[Site "Arco ITA"]
[Date "2002.10.20"]
[Round "3"]
[White "Kleibaumhueter, Klaus"]
[Black "Stinis, Steven"]
[Result "1/2-1/2"]
[WhiteElo "2184"]
[BlackElo "2053"]
[PlyCount "42"]
[EventDate "2002.10.18"]

1. Nf3 f5 2. c4 Nf6 3. Nc3 e6 4. d4 Be7 5. d5 d6 6. dxe6 Bxe6 7. Nd4 Bd7 8. g3
c5 9. Nf3 Ne4 10. Nd5 Bc6 11. Bg2 Nd7 12. O-O Nb6 13. Nxe7 Qxe7 14. Qc2 O-O-O
15. b3 d5 16. cxd5 Rxd5 17. Bb2 Rhd8 18. Rad1 g6 19. Rxd5 Rxd5 20. Rd1 Qd8 21.
Rxd5 Nxd5 1/2-1/2